Feather Boy (Record no. 325584)

000 -LEADER
fixed length control field 00308 a2200133 4500
001 - CONTROL NUMBER
control field 90511
003 - CONTROL NUMBER IDENTIFIER
control field NUST
082 ## - DEWEY DECIMAL CLASSIFICATION NUMBER
Classification number 823.914 SIN
100 ## - MAIN ENTRY--PERSONAL NAME
Personal name Nicky Singer
9 (RLIN) 9881
245 ## - TITLE STATEMENT
Title Feather Boy
Medium English
260 ## - PUBLICATION, DISTRIBUTION, ETC.
Place of publication, distribution, etc. Great Britain
Name of publisher, distributor, etc. Collins
Date of publication, distribution, etc. 2001
300 ## - PHYSICAL DESCRIPTION
Extent 285p.
500 ## - GENERAL NOTE
General note General Books
942 ## - ADDED ENTRY ELEMENTS (KOHA)
Institution code [OBSOLETE] CAE NUST
Koha item type Book
Call number prefix 823.914 SIN
Source of classification or shelving scheme
Holdings
Withdrawn status Lost status Damaged status Not for loan Collection code Permanent Location Current Location Date acquired Total Checkouts Full call number Barcode Date last seen Price effective from Koha item type
          College of Aeronautical Engineering (CAE) College of Aeronautical Engineering (CAE) 04/03/2017   823.914 SIN CAE86273 04/05/2017 04/05/2017 Book
© 2023 Central Library, National University of Sciences and Technology. All Rights Reserved.